000 00454nam a2200181Ia 4500
005 20240823045329.0
008 240823s9999||||xx |||||||||||||| ||und||
041 _aENGLISH
082 _A338.642 M7
100 _a"Little,Ian M D et al."
245 0 _aSmall Manufacturing Enterprises
250 _a1st
260 _c1987
_b"The World Bank,Washington"
500 _aYES
650 _aManagement
_bManagement Studies
942 _cBK
999 _c214710
_d214710